LIBRARY & INFORMATION CENTRE, KCAET, TAVANUR

ONLINE PUBLIC ACCESS CATALOGUE (OPAC)

Identifying and reducing losses in water distribution systems / (Record no. 2723)

MARC details
000 -LEADER
fixed length control field 00473cam a2200169ua 4500
003 - CONTROL NUMBER IDENTIFIER
control field OSt
008 - FIXED-LENGTH DATA ELEMENTS--GENERAL INFORMATION
fixed length control field 250812b |||||||| |||| 00| 0 eng d
020 ## - INTERNATIONAL STANDARD BOOK NUMBER
ISBN 0 8155 1050 0
041 ## - LANGUAGE CODE
Language code of text/sound track or separate title eng
082 ## - DEWEY DECIMAL CLASSIFICATION NUMBER
Classification number 627.02
Item number MAL/ID
100 ## - MAIN ENTRY--AUTHOR NAME
Personal name Male, James W .
245 ## - TITLE STATEMENT
Title Identifying and reducing losses in water distribution systems /
260 ## - PUBLICATION, DISTRIBUTION, ETC. (IMPRINT)
Place of publication Park Ridge :
Name of publisher np noyes publications ,
Year of publication 1985.
300 ## - PHYSICAL DESCRIPTION
Number of Pages 156 ; .
700 1# - ADDED ENTRY--PERSONAL NAME
Personal name Noss, Richard R .
942 ## - ADDED ENTRY ELEMENTS (KOHA)
Koha item type Books
Holdings
Withdrawn status Lost status Damaged status Home library Current library Date acquired Full call number Accession Number Koha item type
      KAUAET KAUAET 19/08/1986 627.02 MAL/ID 15375 Books
free website counter